Австралія надзвичайна (Record no. 312717)

MARC details
000 -Лідер
fixed length control field 00726nam a22002777a 4500
001 - Контрольний номер
control field 26394
003 - Ідентифікатор контрольного номера
control field UA-OsUOA
005 - Дата та час останнього входження (трансакції)
control field 20191119152006.0
007 - Фіксоване поле фізичного опису
fixed length control field ta
008 - Елементи даних фіксованої довжини – загальна інформація
fixed length control field 20040527b un ||||| |||| 00| 0 ukr d
020 ## - Міжнародний стандартний книжковий номер (ISBN)
Міжнародний стандартний книжковий номер (ISBN) (НП) 5-900810-30-5
040 ## - Джерело каталогізації
Агенція оригінальної каталогізації UA-OsUOA
Мова каталогізації ukr
Агенція, яка здійснювала перезапис UA-OsUOA
Агенція, яка здійснювала модифікацію UA-OsUOA
041 ## - Код мови
Код мови тексту/ звукової доріжки чи окремого заголовка (П) ukr
044 ## - Код країни видавця/ виробника
Код країни видавця/ виробника (П) UA
080 ## - Індекс Універсальної десяткової класифікації
Індекс Універсальної десяткової класифікації (УДК) (НП) 913(94)
090 ## - Локальний шифр розміщення
Класифікаційний індекс УДК 913(94)
Авторський знак (НП) А64
100 ## - Основне введення – ім’я особи
Ім’я особи (НП) Ангелуца П.
245 ## - Відомості про назву
Назва (НП) Австралія надзвичайна
246 31 - Інша форма назви
Назва (НП) (Extraordinary Australia)
260 ## - Публікація, розповсюдження і т.п. (Вихідні дані)
Місце публікації, розповсюдження і т.п. (П) Брізбен
Ім’я/ наймення видавництва, розповсюджувача і т.п. (П) Су Джок Академія
Дата публікації, розповсюдження і т.п. (П) 2001
300 ## - Фізичний опис
Обсяг 312 с.
650 #7 - Додаткове предметне введення – тематичний термін
Джерело заголовка чи терміна UDC
942 ## - Додаткові елементи входу (Коха)
Тип елемента Koha Books
Source of classification or shelving scheme Universal Decimal Classification
955 ## - Код типу видання за змістом
Код типу видання за змістом (НП) інше
Holdings
Стан вилучень Стан втрат Джерело класифікації або схеми стелажів Стан уражень Не для кредиту Постійне місце розташування Поточне розміщення Дата придбання Вартість, звичайна ціна покупки Інвентарний номер Усього замовленно Повний номер виклику Штрих-код Дата останнього перегляду Ціна ефективна від Тип елемента Koha Джерело придбання
    Universal Decimal Classification     Наукова бібліотека ІДУД Наукова бібліотека ІДУД 29/05/2007 1.00 2126917   94(477).152(А) А64 2126917 15/09/2019 29/05/2007 Books 12/2006
    Universal Decimal Classification     ЧЗ - Читальна зала ЧЗ - Читальна зала 27/05/2004 3.00 78889   913(94) А64 78889 07/02/2022 27/05/2004 Books